| 000 | 01508pam a22003131i 4500 | ||
|---|---|---|---|
| 001 | 991016897849707026 | ||
| 003 | UkOxU | ||
| 005 | 20260304150837.0 | ||
| 006 | m || d | | ||
| 007 | cr ||||||||||| | ||
| 008 | 220301s2022 enk o 000|0|eng d | ||
| 015 |
_aGBC280733 _2bnb |
||
| 020 |
_a9780571374670 (ePub ebook) : _cĐ7.99 |
||
| 020 |
_z9780571374663 (pbk.) : _cĐ9.99 |
||
| 035 | _a023049528-44oxf_inst | ||
| 035 | _a(UkOxU)023049528 | ||
| 035 | _a(Uk)020575877 | ||
| 037 |
_aFaber32804 _bIngram Content Group |
||
| 040 |
_aStDuBDS _beng _erda _epn _cStDuBDS _dUk |
||
| 041 | _aEnglish | ||
| 042 | _aukblsr | ||
| 100 |
_aLeslie, Ian, - 1972- author. _1https://isni.org/isni/0000000434550115 _926797 |
||
| 245 | 1 | 0 |
_aHow to disagree _b: the art and science of productive conflict _c/ Ian Leslie. |
| 264 | 1 |
_aLondon : _bFaber & Faber, _c2022. |
|
| 520 | _aThe surprising answer is: conflict. Whether it’s at work, at home or in public, confronting our differences is the only way to make the most out of them. How to Disagree is about how to do that successfully. Drawing on essential lessons from world-class experts on how to disagree well and combining them with inspiring stories of productive disagreements from science, technology and the arts, Ian Leslie reveals how we can reap the benefits of diverse viewpoints in an era that feels more divided than ever. | ||
| 650 | 0 |
_aConflict management _910 |
|
| 650 | 0 |
_aCommunication _xPsychological aspects _96325 |
|
| 942 | _2lcc | ||
| 999 |
_c5382 _d5382 |
||